| 000 | 00429pab a2200145 454500 | ||
|---|---|---|---|
| 008 | 180718b1987 xxu||||| |||| 00| 0 eng d | ||
| 100 | _aKalimuthu, P. | ||
| 245 |
_aBureaucratic positions and persons _bA study of the promotees in the IAS cadre of Tamil Nadu |
||
| 260 | _c1987 | ||
| 300 | _a49-58 | ||
| 362 | _aDec. | ||
| 650 | _aBureaucracy - India - Tamil Nadu | ||
| 773 | _aIndian Journal of political Studies | ||
| 909 | _a4996 | ||
| 999 |
_c4996 _d4996 |
||